| 000 | 01937nam0a2200397 4500 | ||
|---|---|---|---|
| 001 | RU\NLR\bibl\1403523 | ||
| 005 | 20250615205008.0 | ||
| 010 |
_a978-5-9524-4314-3 _94000 |
||
| 021 |
_aRU _b2009-48294 _92967 |
||
| 035 | _a(nilc)RSL-KNO-004343043 | ||
| 035 | _a(NLR Aleph) 001395522 | ||
| 090 |
_a1189412 _c1189412 |
||
| 100 | _a20090610d2009 |||y0rusy50 ca | ||
| 101 | 1 |
_arus _ceng |
|
| 102 | _aRU | ||
| 105 | _aa ||||||||| | ||
| 200 | 1 |
_aУчимся вышивать шелковыми ленточками _fХелен Дафтер _g[пер. с англ. Т. Е. Любовской] |
|
| 210 |
_aМосква _cЦентрполиграф _d2009 |
||
| 215 |
_a94, [1] с. _cил. _d20 |
||
| 225 | 1 |
_aМастер-класс _eволшебная игла |
|
| 300 | _aЗагл. и авт. ориг.: Silk Ribbon Embroidery a workshop approach for beginners / Helen Dafter | ||
| 454 | 0 |
_12001#$aSilk Ribbon Embroidery a workshop approach for beginners$fHelen Dafter _1700#1$aDafter$bH.$gHelen$4070 _tSilk Ribbon Embroidery a workshop approach for beginners _aDafter, Helen |
|
| 606 | 1 |
_aВышивание лентами _92444515 _3RU\NLR\auth\661453976 |
|
| 610 | 2 | _aПроизводства легкой промышленности -- Швейное производство -- Рукоделие -- Вышивание | |
| 610 | 2 | _aИскусство. Искусствознание -- Декоративно-прикладное искусство -- Виды художественных изделий -- Шитье -- Техника шитья | |
| 686 |
_aМ482,0 _2rubbk |
||
| 686 |
_aЩ126.9шитье080,0 _2rubbk |
||
| 686 | _aМ482 | ||
| 700 | 1 |
_4070 _7ca _8rus _aДафтер _bХ. _gХелен _9261655 _3RU\NLR\AUTH\770261711 |
|
| 801 | 0 |
_aRU _bРГБ _c20090610 _grcr |
|
| 801 | 1 |
_aRU _bРГБ _c20090610 |
|
| 801 | 2 |
_aRU _bNLR _c20090821 _grcr |
|
| 942 | _cBOOK | ||
| 980 | _aNB | ||